| 000 | 00563nam a2200157Ia 4500 | ||
|---|---|---|---|
| 005 | 20260121165314.0 | ||
| 008 | 260121s9999 xx 000 0 und d | ||
| 041 | _amar | ||
| 082 | _a891.469 | ||
| 100 | _aभावे, एस. व्ही. | ||
| 245 | _aरामाच्या पदचिन्हांवरून पुष्पक विमानाने पंख पसरले | ||
| 250 | _a1 | ||
| 260 |
_bभारतीय विचार साधना पुणे _c2024 |
||
| 300 | _a40 | ||
| 650 | _aमराठी साहित्य | ||
| 999 |
_c370013 _d370013 |
||